Visión binocular: diagnóstico y tratamiento

Furkejuvvon:
Bibliográfalaš dieđut
Váldodahkkit: Borràs García, M. Rosa (Dahkki), Gispets Parcerisas, Joan (Dahkki), Ondategui Parra, Juan Carlos (Dahkki), Pacheco Cutillas, Mireia (Dahkki), Sánchez Herrero, Eulalia (Dahkki), Varón Puentes, Consuelo (Dahkki)
Materiálatiipa: Girji
Giella:espánnjágiella
Almmustuhtton: Barcelona UPC 1997
Ráidu:Politext, 57
Fáttát:
Fáddágilkorat: Lasit fáddágilkoriid
Eai fáddágilkorat, Lasit vuosttaš fáddágilkora!

MARC

LEADER 00000nam a2200000 a 4500
001 UCO1749
003 CL-VaPUC
008 000519e19970000SP |||||||||||||||||spa|d
082 0 4 |a 617.71  |b BOR  |2 21 
100 |a Borràs García, M. Rosa  |e author  |9 457028 
700 0 |a Gispets Parcerisas, Joan  |e author  |9 444227 
700 0 |a Ondategui Parra, Juan Carlos  |e author  |9 444228 
700 0 |a Pacheco Cutillas, Mireia  |e author  |9 444229 
700 0 |a Sánchez Herrero, Eulalia  |e author  |9 444230 
700 0 |a Varón Puentes, Consuelo  |e author  |9 444231 
245 1 0 |a Visión binocular: diagnóstico y tratamiento 
300 |a 287 p 
942 |c BK 
945 |d 20000519 00:00:00  |a vberengu 
260 |a Barcelona  |b UPC  |c 1997 
650 0 |a Ambliopía  |9 431655 
650 0 |a Defectos visuales  |9 341018 
650 7 |a ESTRABISMOS  |2 CL-VaPUC  |9 444232 
650 0 |a Visión  |9 269056 
650 0 |a Vista  |9 265397 
583 |a last modification  |c 20000519 00:00:00  |k Rodrigo Vera 
490 0 |a Politext, 57 
999 |c 288346  |d 288344 
952 |0 0  |1 0  |4 0  |6 617_710000000000000_BOR_1997  |7 0  |8 A  |9 335965  |a BIBCUR  |b BIBCUR  |d 2019-11-20  |i 3621839  |o 617.71 BOR 1997  |p 3621839  |r 2025-04-22  |w 2019-11-20  |y BK  |k TEM